000 00315nam a22001337a 4500
008 170622b xxu||||| |||| 00| 0 eng d
020 _a0391008924
041 _aeng
080 _a94
100 _a18
101 _aSHH
245 _aSTALINISM ESSASY IN HISTORICAL INTERPRETATION
_cTUCKER.R.C
942 _2udc
_cBK
999 _c18823
_d18823